Countries With Native German Speakers - Statistics

General Stats
  • This quiz has been taken 2,268 times
    1,686 since last reset
  • The average score is 24 of 29
Answer Stats
Continent Country % Correct
Europe Germany
97%
Europe Austria
96%
North America United States
94%
Europe Belgium
93%
North America Canada
93%
Europe Switzerland
93%
South America Argentina
91%
South America Brazil
91%
Europe France
91%
Europe Poland
91%
North America Mexico
90%
Europe Denmark
88%
Europe Liechtenstein
88%
Europe Luxembourg
88%
Eurpoe Netherlands
88%
South America Chile
87%
Europe Italy
87%
Oceania Australia
86%
Oceania New Zealand
85%
South America Peru
83%
South America Paraguay
81%
Europe Hungary
80%
South America Venezuela
80%
Europe Czech Republic
76%
Europe Slovakia
75%
Africa Namibia
73%
Africa South Africa
71%
Europe Romania
62%
Asia Jordan
8%
No matching quizzes found
Score Distribution
Percent of People with Each Score
Percentile by Number Answered
Your Score History
You have not taken this quiz since the last reset